000 00598nam a2200241Ia 4500
003 OSt
005 20221007100531.0
006 a|||||r|||| 00| 0
007 ta
008 221006b |||||||| |||| 00| 0 eng d
024 _a4,557
037 _cTextual
040 _aLCO
_cLCO
_beng
041 _2eng
_aeng
082 _aY:45(W), L9
100 _aBELL J Bowler
_9701820
245 0 _aAssassin
260 _aNew
_bYork St. Martins press
_c1979
300 _a310
650 _aASSASSIN
_9701821
942 _hY:45(W), L9
_cTEXL
999 _c1174120
_d1174120